<?xml version="1.0" encoding="UTF-8"?><?xml-stylesheet type="text/xsl" href="static/style.xsl"?><OAI-PMH xmlns="http://www.openarchives.org/OAI/2.0/" xmlns:xsi="http://www.w3.org/2001/XMLSchema-instance" xsi:schemaLocation="http://www.openarchives.org/OAI/2.0/ http://www.openarchives.org/OAI/2.0/OAI-PMH.xsd"><responseDate>2026-04-14T06:36:09Z</responseDate><request verb="GetRecord" identifier="oai:www.recercat.cat:2072/266555" metadataPrefix="marc">https://recercat.cat/oai/request</request><GetRecord><record><header><identifier>oai:recercat.cat:2072/266555</identifier><datestamp>2026-02-04T11:20:52Z</datestamp><setSpec>com_2072_220028</setSpec><setSpec>com_2072_4427</setSpec><setSpec>col_2072_220407</setSpec></header><metadata><record xmlns="http://www.loc.gov/MARC21/slim" xmlns:dcterms="http://purl.org/dc/terms/" xmlns:xsi="http://www.w3.org/2001/XMLSchema-instance" xmlns:doc="http://www.lyncode.com/xoai" xsi:schemaLocation="http://www.loc.gov/MARC21/slim http://www.loc.gov/standards/marcxml/schema/MARC21slim.xsd">
   <leader>00925njm 22002777a 4500</leader>
   <datafield ind2=" " ind1=" " tag="042">
      <subfield code="a">dc</subfield>
   </datafield>
   <datafield ind2=" " ind1=" " tag="720">
      <subfield code="a">Subias, Eva</subfield>
      <subfield code="e">author</subfield>
   </datafield>
   <datafield ind2=" " ind1=" " tag="260">
      <subfield code="c">2016</subfield>
   </datafield>
   <datafield ind2=" " ind1=" " tag="520">
      <subfield code="a">Aquest llibre s’emmarca dins del projecte Corpus d’Inscripcions Ibèriques de Catalunya (CIIC), que té com a objectiu actualitzar el conjunt de les inscripcions ibèriques del territori català i ampliar-ne la informació.&#xd;
 &#xd;
Concretament, aquest volum recull el material epigràfic de les comarques tarragonines, amb un total de 58 inscripcions comentades. D’una banda, conté documents ja publicats anteriorment que han estat revisats i reestudiats amb relació als darrers avenços en epigrafia ibèrica. De l’altra, incorpora nous epígrafs descoberts recentment en els jaciments arqueològics o que s’han retrobat els darrers anys en fons museogràfics.&#xd;
 &#xd;
Inscripcions ibèriques de les comarques de Tarragona ofereix noves propostes en la interpretació d’alguns textos d’acord amb l’estat actual de coneixement de la llengua ibèrica i s’hi aporten totes les dades contextuals que ha estat possible reunir per a cada exemplar.&#xd;
 &#xd;
L’obra pot interessar tant els estudiosos de la llengua ibèrica com els arqueòlegs iberistes, i a totes les persones que vulguin conèixer el passat de les comarques tarragonines.</subfield>
   </datafield>
   <datafield ind1="8" ind2=" " tag="024">
      <subfield code="a">Subías Pacual, E. "La decoració arquitectònica de l’església de la fortalesa del nord-oest d’Oxyrhynchos (Pemdjé)" Tarragona: Institut Català d'Arquelogia Clàssica, 2016. (Trama ; 3)</subfield>
   </datafield>
   <datafield ind1="8" ind2=" " tag="024">
      <subfield code="a">978-84-942034-9-7</subfield>
   </datafield>
   <datafield ind1="8" ind2=" " tag="024">
      <subfield code="a">http://hdl.handle.net/2072/266555</subfield>
   </datafield>
   <datafield ind1="8" ind2=" " tag="024">
      <subfield code="a">https://doi.org/10.51417/trama_03</subfield>
   </datafield>
   <datafield ind2="0" ind1="0" tag="245">
      <subfield code="a">La decoració arquitectònica de l’església de la fortalesa del nord-oest d’Oxyrhynchos (Pemdjé)</subfield>
   </datafield>
</record></metadata></record></GetRecord></OAI-PMH>